Turbo: sobrealimentación de motores rápidos

Salvato in:
Dettagli Bibliografici
Autore principale: Miralles de Imperial, Juan (autor)
Natura: Libro
Lingua:spagnolo
Pubblicazione: Barcelona CEAC 1985
Edizione:3a. ed
Serie:Biblioteca del automóvil
Soggetti:
Tags: Aggiungi Tag
Nessun Tag, puoi essere il primo ad aggiungerne!!

MARC

LEADER 00000nam a2200000 a 4500
001 UCW2142
003 CL-VaPUC
008 920306e19850000SP |||||||||||||||||spa|d
082 0 4 |a 621.437  |b MIR  |2 21 
100 |a Miralles de Imperial, Juan  |e autor  |9 479191 
245 1 0 |a Turbo: sobrealimentación de motores rápidos 
250 |a 3a. ed 
300 |a 211 p 
942 |c BK 
945 |d 19920306 00:00:00 
260 |a Barcelona  |b CEAC  |c 1985 
650 7 |a MOTORES DIESEL TURBOALIMENTADORES  |2 CL-VaPUC  |9 271826 
583 |a last modification  |c 19920306 00:00:00  |k Rodrigo Vera 
490 0 |a Biblioteca del automóvil 
999 |c 216762  |d 216760